All Governors of Maryland - Statistics

General Stats
  • This quiz has been taken 11 times
  • The average score is 16 of 69
Answer Stats
Years Served Party Answer % Correct
2023 - Present Democrat Wes Moore
100%
2015 - 2023 Republican Larry Hogan
88%
2007 - 2015 Democrat Martin O'Malley
75%
1979 - 1987 Democrat Harry Hughes
50%
1969 - 1979 Democrat Marvin Mandel
50%
1951 - 1959 Republican Theodore McKeldin
50%
1777 - 1779 None Thomas Johnson
50%
1977 - 1979 Democrat Blair Lee III
38%
2003 - 2007 Republican Bob Ehrlich
38%
1819 Federalist Charles Goldsborough
38%
1888 - 1892 Democrat Elihu Emory Jackson
38%
1842 - 1845 Democrat Francis Thomas
38%
1833 - 1836 Anti-Jacksonian James Thomas
38%
1876 - 1880 Democrat John Lee Carroll
38%
1900 - 1904 Democrat John Walter Smith
38%
1995 - 2003 Democrat Parris Glendening
38%
1848 - 1851 Democrat Philip Francis Thomas
38%
1912 - 1916 Republican Phillips Lee Goldsborough
38%
1967 - 1969 Republican Spiro Agnew
38%
1830 - 1831 Jacksonian Thomas King Carroll
38%
1779 - 1782 None Thomas Sim Lee
38%
1792 - 1794 Federalist Thomas Sim Lee
38%
1987 - 1995 Democrat William Donald Schaefer
38%
1947 - 1951 Democrat William Preston Lane Jr.
38%
1904 - 1908 Democrat Edwin Warfield
25%
1892 - 1896 Democrat Frank Brown
25%
1831 - 1833 Anti-Jacksonian George Howard
25%
1959 - 1967 Democrat J. Millard Tawes
25%
1788 - 1791 Federalist John Eager Howard
25%
1884 - 1885 Democrat Robert Milligan McLane
25%
1845 - 1848 Whig Thomas Pratt
25%
1866 - 1869 Union Thomas Swann
25%
1854 - 1858 Democrat Thomas Watkins Ligon
25%
1782 - 1785 None William Paca
25%
1920 - 1935 Democrat Albert Ritchie
13%
1862 - 1866 Union Augustus Bradford
13%
1908 - 1912 Democrat Austin Lane Crothers
13%
1798 - 1801 Federalist Benjamin Ogle
13%
1809 - 1811 Democratic Republican Edward Lloyd
13%
1916 - 1920 Democrat Emerson Harrington
13%
1851 - 1854 Democrat Enoch Louis Lowe
13%
1935 - 1939 Republican Harry Nice
13%
1885 - 1888 Democrat Henry Lloyd
13%
1939 - 1947 Democrat Herbert O'Conor
13%
1801 - 1803 Democratic Republican John Francis Mercer
13%
1797 -1798 Federalist John Henry
13%
1896 - 1900 Republican Lloyd Lowndes Jr.
13%
1869 - 1872 Democrat Oden Bowie
13%
1803 - 1806 Democratic Republican Robert Bowie
13%
1811 - 1812 Democratic Republican Robert Bowie
13%
1806 - 1809 Democratic Republican Robert Wright
13%
1822 - 1826 Democratic Republican Samuel Stevens Jr.
13%
1858 - 1862 American Thomas Holliday Hicks
13%
1872 - 1874 Democrat William Pinkney Whyte
13%
1880 - 1884 Democrat William Thomas Hamilton
13%
1816 - 1819 Federalist Charles Carnan Ridgely
0%
1829 - 1830 Anti-Jacksonian Daniel Martin
0%
1831 Anti-Jacksonian Daniel Martin
0%
1791 - 1792 Federalist George Plater
0%
1874 - 1876 Democrat James Black Groome
0%
1792 Federalist James Brice
0%
1809 Democratic Republican James Butcher
0%
1794 - 1797 Federalist John Hoskins Stone
0%
1826 - 1829 Democratic Republican Joseph Kent
0%
1812 - 1816 Federalist Levin Winder
0%
1819 - 1822 Democratic Republican Samuel Sprigg
0%
1836 - 1839 Whig Thomas Veazey
0%
1839 - 1842 Democrat William Grason
0%
1785 - 1788 None William Smallwood
0%
No matching quizzes found
Score Distribution
Percent of People with Each Score
Percentile by Number Answered
Your Score History
You have not taken this quiz